Dzielnice Katowic - nagła śmierć - Statystyki

Ogólne statystyki
  • Ten quiz został rozwiązany 96 razy
  • Średni wynik to 9 z 15
Answers on the Grid
Answers color-coded by a green-red scale on the quiz's grid according to % correct below.
Murcki
Łagiewniki
Brzęczkowice
Dąbrówka Wielka
Koszutka
Osiedle Jana Kochanowskiego
Szopienice-Burowiec
Podlesie
Zagórze
Stare Polesie
Kostuchna
Giszowiec
Zawodzie
Zarzecze
Bielszowice
Dąbrówka Mała
Brynów
Kochłowice
Stare Łabędy
Ligota
Boguszowice
Stolarzowice
Dąb
Pniowiec
Jaroszowice
Piotrowice-Ochojec
Osiedle Wincentego Witosa
Załęska Hałda - Brynów
Strachowice
Bytków
 
Statystyki odpowiedzi
Odpowiedź % Poprawnych
Murcki
84%
Ligota
73%
Brynów
71%
Giszowiec
68%
Szopienice-Burowiec
66%
Koszutka
65%
Zawodzie
65%
Załęska Hałda - Brynów
61%
Kostuchna
60%
Osiedle Wincentego Witosa
55%
Piotrowice-Ochojec
53%
Podlesie
53%
Dąb
52%
Dąbrówka Mała
52%
Zarzecze
45%
Nie znaleziono quizów pasujących do podanych kryteriów
Rozkład punktacji
Procent ludzi z każdym wynikiem
Percentyl według liczby udzielonych odpowiedzi
Twoja historia wyników
Nie rozwiązałeś tego quizu